000 00989nam a2200313Ia 4500
003 OSt
005 20221007122611.0
006 a|||||r|||| 00| 0
007 ta
008 221006b |||||||| |||| 00| 0 eng d
020 _a9788177582796 (pbk)
024 _a127418
037 _b1288, 28/03/2011, Ashutosh Technical Books
_cTextbook
040 _aPAPL
_cPAPL
_beng
041 _2eng
_aeng
082 _aC9B2, P3;7 Carpa
100 _aBransden B H
_9496715
245 0 _aPhysics of atoms and molecules
_b Joachain C J
250 _a2
260 _aSouth
_bAsia Pearson Education
_c2003
300 _axiv, 1114p.
_ccm.
500 _aReferences 1077-1082p.; Index 1083-1114p.
650 _a Atom physics
_9714653
650 _a Molecules
_9711180
650 _aPhysics
700 _a Joachain C J
942 _hC9B2, P3;7 Carpa
_cTB
_2CC
999 _c1210646
_d1210646